| 000 | 01090nam a22001817a 4500 | ||
|---|---|---|---|
| 999 |
_c53394 _d53394 |
||
| 005 | 20210325201700.0 | ||
| 008 | s2550 th tha d | ||
| 040 | _aืNALT | ||
| 041 | _atha | ||
| 090 |
_aKD 22/2550 _b ค124ร 2550 |
||
| 245 | 1 | 0 | _aรายงานการจัดทำร่างรัฐธรรมนูญ พร้อมร่างรัฐธรรมนูญแห่งราชอาณาจักรไทย พุทธศักราช... (ฉบับเสนอสภาร่างรัฐธรรมนูญ). |
| 260 |
_aกรุงเทพฯ : _bสำนักกรรมาธิการ 3 สำนักงานเลขาธิการสภาผู้แทนราษฎร, _c2550 |
||
| 300 |
_a238, 148 หน้า ; _c30 ซม. |
||
| 610 | 2 | 4 |
_aคณะกรรมาธิการยกร่างรัฐธรรมนูญ _948210 _bสภาร่างรัฐธรรมนูญ |
| 653 | 4 | _aร่างรัฐธรรมนูญ -- ไทย -- 2550 | |
| 850 | _aNALT | ||
| 942 |
_cLB _2local |
||